Équipes ayant remporté le moins de victoires au Championnat d'Europe - Statistiques

Statistiques générales
  • Ce quiz a été pris 16 fois
    9 depuis la dernière actualisation
  • Le résultat moyen est 7 sur 9
Statistiques - réponses
Victoires Équipes % Correct
1 Irlande du Nord
100%
1 Albanie
88%
1 Bulgarie
88%
0 Lettonie
88%
1 Finlande
75%
0 Macédoine du Nord
75%
1 Norvège
75%
0 Slovénie
75%
1 Géorgie
63%
Aucun quiz correspondant
Distribution des résultats
% des personnes avec chaque résultat
Percentile par nombre de réponses
Votre historique - résultats
Vous n’avez pas pris ce quiz depuis la dernière actualisation